=LDR 00000nam 2200000 4500 =001 INLIS000000000013827 =005 20130612105146 =008 ***********************************Ind** =035 ##$$0010-061300000013827 =041 ##$$a Ind =082 ##$$a 028.55 =090 ##$$a 028.55, Hil o =100 ##$$a Hilaliyah, Laila =245 ##$$a Orang-orang baik, Laila Hilaliyah =260 ##$$a 2003 $b Bandung =300 ##$$a 35 hlm, Ilus, 21 cm =650 ##$$a Bacaan kanak-kanak =850 ##$$a NBPNMAT